Banking structure and monetary policy - what have we learned in the last 20 years? (by Erkki Liikanen)
Salvato in:
| Autore principale: | |
|---|---|
| Natura: | Capitolo di libro |
| Lingua: | inglese |
| Soggetti: | |
| Tags: |
Nessun Tag, puoi essere il primo ad aggiungerne!!
|
MARC
| LEADER | 00000naa a2200000 4500 | ||
|---|---|---|---|
| 001 | 0183195 | ||
| 005 | 20231116093201.7 | ||
| 041 | 0 | |a eng | |
| 044 | |a SK | ||
| 245 | 1 | 0 | |a Banking structure and monetary policy - what have we learned in the last 20 years? (by Erkki Liikanen) |c Tomáš Kendera |
| 610 | 2 | 0 | |a politika menová |
| 610 | 2 | 0 | |a banky |
| 610 | 2 | 0 | |a stabilita finančná |
| 610 | 2 | 0 | |a reformy menové |
| 610 | 2 | 0 | |a Liikanen, Erkii |
| 100 | 1 | |a Kendera, Tomáš | |